MARC

LEADER 00000nam0a2200000 4500
001 288518
005 20231102000109.0
020 |a RU  |b 85-69094 
035 |a (RuTPU)RU\TPU\book\312992 
090 |a 288518 
100 |a 20150325d1985 km y0rusy5003 ca 
101 0 |a rus 
102 |a RU 
105 |a a z 001zy 
200 1 |a Использование воды на целлюлозно-бумажных предприятиях  |f Я. В. Никитин, С. И. Поляков 
210 |a Москва  |c Лесная промышленность  |d 1985 
215 |a 206 с.  |c ил.  |d 22 см 
225 1 |a Экономическая жизнь страны 
320 |a Библиогр.: с. 205-206 
606 1 |a Целлюлозно-бумажные предприятия  |x Водоснабжение  |2 stltpush  |3 (RuTPU)RU\TPU\subj\18038  |9 43573 
610 1 |a водное хозяйство 
610 1 |a вода 
610 1 |a очистные сооружения 
610 1 |a оборотные воды 
610 1 |a сточные воды 
610 1 |a бумажное производство 
610 1 |a водопользование 
675 |a 676.08  |z rus  |v 4 
700 1 |a Никитин  |b Я. В.  |g Яков Викторович  |4 070 
701 1 |a Поляков  |b С. И.  |g Сергей Иосифович  |4 070 
801 0 |a RU  |b RuMRKP  |c 19950704  |g psbo 
801 1 |a RU  |b 63413507  |c 20150325 
801 2 |a RU  |b 63413507  |c 20171127  |g RCR 
942 |c BK